Online katalóg knižníc regiónu Turca

Čierna orchidea (Record no. 19958)

MARC details
000 -LEADER
fixed length control field 01312cam a2200385 4500
001 - CONTROL NUMBER
control field 19958
003 - CONTROL NUMBER IDENTIFIER
control field SK-KTurca
005 - DATE AND TIME OF LATEST TRANSACTION
control field 20251219175608.0
008 - FIXED-LENGTH DATA ELEMENTS--GENERAL INFORMATION
fixed length control field 240920s2024 xo g 010 f slo
015 ## - NATIONAL BIBLIOGRAPHY NUMBER
National bibliography number SNBA2024/11
020 ## - INTERNATIONAL STANDARD BOOK NUMBER
International Standard Book Number 9788022214674
Qualifying information (viazané)
040 ## - CATALOGING SOURCE
Original cataloging agency SNK
Language of cataloging slo
Transcribing agency SNK
Description conventions rda
041 1# - LANGUAGE CODE
Language code of text/sound track or separate title slo
Language code of original eng
044 ## - COUNTRY OF PUBLISHING/PRODUCING ENTITY CODE
MARC country code xo
ISO country code SK
072 #7 - SUBJECT CATEGORY CODE
Subject category code 821.111-3
Subject category code subdivision Anglická próza, anglicky písaná
Source konspekt
080 ## - UNIVERSAL DECIMAL CLASSIFICATION NUMBER
Universal Decimal Classification number 821.111(415)-31
Edition identifier 2011
080 ## - UNIVERSAL DECIMAL CLASSIFICATION NUMBER
Universal Decimal Classification number (0:82-311.6)
Edition identifier 2011
100 1# - MAIN ENTRY--PERSONAL NAME
Personal name Riley, Lucinda,
Dates associated with a name 1965-2021
Relationship aut
240 14 - UNIFORM TITLE
Uniform title The hothouse flower
Language of a work Slovensky
245 10 - TITLE STATEMENT
Title Čierna orchidea
Statement of responsibility, etc. Lucinda Rileyová ; z anglického originálu The hothouse flower ... preložila Zuzana Gáliková
250 ## - EDITION STATEMENT
Edition statement Vydanie I.
264 #1 - PRODUCTION, PUBLICATION, DISTRIBUTION, MANUFACTURE, AND COPYRIGHT NOTICE
Place of production, publication, distribution, manufacture Bratislava
Name of producer, publisher, distributor, manufacturer Tatran
Date of production, publication, distribution, manufacture, or copyright notice 2024
300 ## - PHYSICAL DESCRIPTION
Extent 439 strán
Dimensions 24 cm
336 ## - CONTENT TYPE
Content type term text
Content type code txt
Source rdacontent
337 ## - MEDIA TYPE
Media type term bez média
Media type code n
Source rdamedia
338 ## - CARRIER TYPE
Carrier type term zväzok
Carrier type code nc
Source rdacarrier
500 ## - GENERAL NOTE
General note Obsahuje profesijné údaje o autorke na záložke prebalu publikácie
655 #7 - INDEX TERM--GENRE/FORM
Genre/form data or focus term írske romány (anglicky)
Source of term SNKPH
655 #7 - INDEX TERM--GENRE/FORM
Genre/form data or focus term Irish fiction (English)
Source of term SNKPHeng
655 #7 - INDEX TERM--GENRE/FORM
Genre/form data or focus term historické romány
Source of term SNKPH
655 #7 - INDEX TERM--GENRE/FORM
Genre/form data or focus term Historical novels
Source of term SNKPHeng
700 1# - ADDED ENTRY--PERSONAL NAME
Personal name Gáliková, Zuzana
Relationship trl
942 ## - ADDED ENTRY ELEMENTS (KOHA)
Source of classification or shelving scheme Dewey Decimal Classification
Koha item type Krásna literatúra pre dospelých
Suppress in OPAC No
Holdings
Stav vyradenia Strata Poškodenie Spôsob nadobudnutia Domovská knižnica Aktuálna knižnica Dátum nadobudnutia Cena Total checkouts Total renewals Čiarový kód exemplára Date due Date last seen Date last checked out Typ exemplára
      Kúpa Obecná knižnica Diaková Obecná knižnica Diaková 19.12.2025 17.98 1 1 4734501463 09.06.2026 10.04.2026 10.04.2026 Krásna literatúra pre dospelých
Projekt je podporený Slovenskou asociáciou knižníc
Prevádzkuje Turčianska knižnica Martin 2026